Dosah pandémie COVID-19 na zmeny v nákupnom správaní spotrebiteľov na Slovensku

Analýza zmien a narušenie každodenných aktivít nákupného správania spotrebiteľov v dôsledku pandémie Covid-19. Výskum, ktorý naznačuje, že vzorce spotreby sa zmenili pred a počas pandémie.

Salvato in:
Dettagli Bibliografici
Autore principale: Čuláková, Katarína
Natura: Capitolo di libro
Lingua:slovacco
Soggetti:
Tags: Aggiungi Tag
Nessun Tag, puoi essere il primo ad aggiungerne!!

MARC

LEADER 00000naa a2200000 4500
001 0288215
005 20240417075216.5
041 0 |a slo 
044 |a SK 
245 1 0 |a Dosah pandémie COVID-19 na zmeny v nákupnom správaní spotrebiteľov na Slovensku  |c Katarína Čuláková ... [et al.] 
520 |a Analýza zmien a narušenie každodenných aktivít nákupného správania spotrebiteľov v dôsledku pandémie Covid-19. Výskum, ktorý naznačuje, že vzorce spotreby sa zmenili pred a počas pandémie. 
610 2 0 |a pandémia 
610 2 0 |a koronakríza 
610 2 0 |a spotrebitelia 
610 2 0 |a správanie spotrebiteľa 
610 2 0 |a nákup 
610 2 0 |a obchod elektronický 
610 2 0 |a Slovensko 
100 1 |a Čuláková, Katarína